Wappen (für Profis) - Statistiken

Allgemein
  • Dieses Quiz wurde 63 mal gespielt
  • Das Durchschnittsergebnis liegt bei 6 aus 15
Antwortstatistiken
Bildquiz Antwort % Korrekt
Swasiland
63%
Äquatorialguinea
54%
Guatemala
54%
Kirgisistan
54%
Mongolei
54%
Fidschi
52%
Botswana
46%
Kambodscha
42%
Estland
40%
Liechtenstein
35%
Trinidad und Tobago
35%
Grenada
31%
Seychellen
25%
Mazedonien
19%
Guyana
12%
Keine übereinstimmenden Quizze gefunden
Verteilung der Resultate
Anzahl Personen mit jedem Resultat
Perzentil nach korrekt beantworteten Fragen
Ihre Resultats-Entwicklung
Sie haben dieses Quiz noch nicht gespielt